000 00992nam a2200265Ia 4500
003 OSt
005 20221005110750.0
006 a|||||r|||| 00| 0
007 ta
008 221004b |||||||| |||| 00| 0 hin d
020 _a9788226704095 (hbk)
_c350
024 _a14082
037 _bBR7983, 13/03/2014, Rajkamal Prakashan Pvt. Ltd.
_cTextual
040 _aCRL
_cCRL
_bhin
041 _2hin
_ahin
082 _aO152,2(NT):g, P2;Q3
100 _aदेवेन्द्र राज अंकुर
245 0 _aदर्शन प्रदर्शन
246 _aDarshan pradarshana
260 _aनई दिल्ली
_bराजकमल प्रकाशन भारत
_c2013
300 _a162पृ0
_ccm.
650 _aहिन्दी साहित्य
942 _hO152,2(NT):g, P2;Q3
_cTEXL
_2cc
999 _c1019818
_d1019818